| 000 | 00614nam a2200241 a 4500 | ||
|---|---|---|---|
| 001 | nice12345678 | ||
| 003 | IN_TiNIC | ||
| 005 | 20260116011301.0 | ||
| 008 | 050524s1955 dela grp 000 0 urd | ||
| 020 |
_a _c3 |
||
| 082 | 0 | 0 |
_a891.41 _bMUN1 |
| 100 | _aMunawwar, Lucknawo | ||
| 245 | _aBhagwat Gita Manzum Or Nasim-E-Irfan | ||
| 260 |
_aDelhi _bAdarsh Kitab Ghar _c1955 |
||
| 300 | _a258p | ||
| 500 | _aincludes index and biblioraphy | ||
| 505 | 2 | _abound volumes of periodicals | |
| 650 | _aReligious Poetry-Hindu | ||
| 700 | 1 | _aMunawwar, Lucknawo | |
| 902 | _bSRS | ||
| 942 | _cBK | ||
| 999 |
_c165 _d165 |
||